Agua para una sed (Registro nro. 16845)

Detalles MARC
000 - LÍDER
campo de control de longitud fija 01096nam a2200289 i 4500
005 - FECHA Y HORA DE LA ÚLTIMA TRANSACCIÓN
campo de control 20230715154043.0
008 - ELEMENTOS DE DATOS DE LONGITUD FIJA - INFORMACIÓN GENERAL
campo de control de longitud fija 230715s2023 ck gr 000 0 spa d
020 ## - INTERNATIONAL STANDARD BOOK NUMBER
International Standard Book Number 9789584996848
040 ## - FUENTE DE CATALOGACIÓN
Agencia de catalogación original CO-PeBPR
Agencia de transcripción CO-PeBPR
Descripción convenciones rda
041 ## - CÓDIGO DE LENGUAJE
Código de idioma de texto / pista de sonido o título separado spa
082 04 - NÚMERO DE CLASIFICACIÓN DECIMAL DEWEY
Número de clasificación 248.894
Número de artículo O16a
100 1# - ENTRADA PRINCIPAL - NOMBRE PERSONAL
9 (RLIN) 53304
Nombre de la persona Ochoa Moreno, Ernesto
Término del Relator autor
245 10 - TÍTULO DECLARACIÓN
Título Agua para una sed
Declaración de responsabilidad Ernesto Ochoa Moreno
264 01 - AVISO DE PRODUCCIÓN, PUBLICACIÓN, DISTRIBUCIÓN, FABRICACIÓN Y DERECHOS DE AUTOR
Lugar de producción Pereira
Nombre del productor P. Fray Enrique Uribe Jaramillo
Fecha de producción 2023
300 ## - DESCRIPCIÓN FÍSICA
Alcance 174 páginas
Dimensiones 25 cm
336 ## - TIPO DE CONTENIDO
Tipo de contenido texto
Código de tipo de contenido txt
Fuente rdacontent
337 ## - TIPO DE MEDIO
Término del tipo de medio sin mediación
Código de tipo de medio n
Fuente rdamedia
338 ## - TIPO DE PORTADOR
Término del tipo de operador volumen
Código de tipo de operador nc
Fuente rdacarrier
600 #0 - ENTRADA DE SUJETO AÑADIDO - NOMBRE PERSONAL
9 (RLIN) 8112
Nombre de la persona Teresa de Jesús,
Títulos y otras palabras asociadas a un nombre Santa,
Fechas asociadas a un nombre 1515-1582
600 #0 - ENTRADA DE SUJETO AÑADIDO - NOMBRE PERSONAL
9 (RLIN) 12614
Nombre de la persona Juan de la Cruz
Títulos y otras palabras asociadas a un nombre Santo
600 #0 - ENTRADA DE SUJETO AÑADIDO - NOMBRE PERSONAL
9 (RLIN) 53306
Nombre de la persona Teresita del Niño Jesús, Santa
Subdivisión cronológica 1843 - 1897
610 #0 - ENTRADA DE SUJETO AÑADIDO - NOMBRE CORPORATIVO
9 (RLIN) 53305
Nombre corporativo o nombre de jurisdicción como elemento de entrada Orden Carmelita
Unidad subordinada Doctrina
650 #0 - ENTRADA DE SUJETO AÑADIDO - TÉRMINO TÓPICO
9 (RLIN) 25906
Término tópico o elemento de entrada del nombre geográfico Iglesia Catolica y Espiritualidad
700 1# - ENTRADA AGREGADA - NOMBRE PERSONAL
9 (RLIN) 12612
Nombre de la persona Uribe Jaramillo, Enrique
Término del Relator Editor
830 ## - ENTRADA AGREGADA EN SERIE - TÍTULO UNIFORME
Título uniforme Depósito Legal - Sala de Patrimonio Bibliográfico y Documental de Risaralda
942 ## - ELEMENTOS DE ENTRADA AGREGADOS (KOHA)
Fuente de clasificación o esquema de estanterías Dewey Decimal Classification
Tipo de artículo Koha Libro
Parte de clasificación 248.984 O16a
Prefijo del número de llamada 248.984
Sufijo del número de llamada O16a
Existencias
Estado de retirada Pérdida de estatus Fuente de clasificación o esquema de estanterías Estado dañado No para préstamo Código de recogida Ubicación permanente Ubicación actual Ubicación de las estanterías Fecha de adquisición Fuente de adquisición Total de Cajas Número de llamada completo Código de barras Fecha de la última vez que se vio Número de copia Precio efectivo desde Tipo de artículo Koha
    Dewey Decimal Classification     Sala Patrimonial Biblioteca Pública Departamental Comfamiliar Risaralda Biblioteca Pública Departamental Comfamiliar Risaralda Sala Patrimonial 15/07/2023 Depósito Legal   248.894 O16a 4578 15/07/2023 Ej. 1 15/07/2023 Libro